L’Universo in 25 cm

Da quando è iniziata la rivoluzione della fotografia digitale, con i sensori CCD che hanno soppiantato la pellicola, qualsiasi appassionato del cielo, dotandosi di una strumentazione non particolarmente costosa, può diventare esploratore attivo dell’immensità della volta celeste, potenzialmente un v...

Full description

Bibliographic Details
Main Author: Gasparri, Daniele (Author)
Corporate Author: SpringerLink (Online service)
Format: Electronic eBook
Language:Italian
Published: Milano : Springer Milan, 2011.
Series:Le Stelle
Subjects:
Online Access:Full Text via HEAL-Link
LEADER 02211nam a22004695i 4500
001 978-88-470-1905-8
003 DE-He213
005 20151204185933.0
007 cr nn 008mamaa
008 120204s2011 it | s |||| 0|ita d
020 |a 9788847019058  |9 978-88-470-1905-8 
024 7 |a 10.1007/978-88-470-1905-8  |2 doi 
040 |d GrThAP 
050 4 |a QB4 
072 7 |a PG  |2 bicssc 
072 7 |a SCI004000  |2 bisacsh 
072 7 |a NAT033000  |2 bisacsh 
082 0 4 |a 520  |2 23 
100 1 |a Gasparri, Daniele.  |e author. 
245 1 0 |a L’Universo in 25 cm  |h [electronic resource] /  |c by Daniele Gasparri. 
264 1 |a Milano :  |b Springer Milan,  |c 2011. 
300 |a IX, 186 pagg.  |b online resource. 
336 |a text  |b txt  |2 rdacontent 
337 |a computer  |b c  |2 rdamedia 
338 |a online resource  |b cr  |2 rdacarrier 
347 |a text file  |b PDF  |2 rda 
490 1 |a Le Stelle 
520 |a Da quando è iniziata la rivoluzione della fotografia digitale, con i sensori CCD che hanno soppiantato la pellicola, qualsiasi appassionato del cielo, dotandosi di una strumentazione non particolarmente costosa, può diventare esploratore attivo dell’immensità della volta celeste, potenzialmente un vero e proprio astronomo. In questo libro, l’autore mostra quanto è possibile ottenere (ed è tanto!) nello studio del cielo con un telescopio amatoriale di soli 25 cm di diametro, anche attraverso tecniche di ripresa innovative, come la fotografia dei pianeti fatta in pieno giorno, o la ripresa di dettagli della superficie di Venere, nonostante il fatto che il pianeta sia perennemente avvolto da una coltre impenetrabile di nubi. 
650 0 |a Physics. 
650 0 |a Observations, Astronomical. 
650 0 |a Astronomy  |x Observations. 
650 0 |a Astronomy. 
650 1 4 |a Physics. 
650 2 4 |a Astronomy, Observations and Techniques. 
650 2 4 |a Popular Science in Astronomy. 
710 2 |a SpringerLink (Online service) 
773 0 |t Springer eBooks 
776 0 8 |i Printed edition:  |z 9788847019041 
830 0 |a Le Stelle 
856 4 0 |u http://dx.doi.org/10.1007/978-88-470-1905-8  |z Full Text via HEAL-Link 
912 |a ZDB-2-SHU 
950 |a Humanities, Social Sciences and Law (Springer-11648)